[Event "Brno /Olexa/"]
[Site "?"]
[Date "2021.12.26"]
[Round "1"]
[White "Pokora, Lubomir"]
[Black "Gajdos, Daniel"]
[Result "0-1"]
[WhiteElo "1758"]
[BlackElo "2068"]
[PlyCount "44"]
[EventDate "2021.??.??"]

{[%evp 0,44,19,-31,-11,-11,21,-44,-12,-12,-5,-24,-8,-8,-8,-25,11,11,28,16,10,
10,-12,-20,-18,-18,-19,-40,-34,-39,-22,-86,-38,-41,-40,-39,-39,-65,-64,-121,
-94,-490,-571,-571,-975,-1025,-719]} 1. b3 d5 2. Bb2 Bg4 3. Qc1 c5 4. e3 Nc6 5.
Be2 Bxe2 6. Nxe2 e5 7. d3 Qg5 8. O-O Nf6 9. Nd2 Bd6 10. e4 O-O 11. exd5 Nxd5
12. Ne4 Qg6 13. Nxd6 Qxd6 14. Nc3 Nd4 15. Re1 Nf4 16. Qd1 Qc6 17. f3 Rae8 18.
Ne4 f5 19. Nf2 Re6 20. c3 Rg6 21. cxd4 Rxg2+ 22. Kf1 Qg6 0-1

[Event "Brno /Olexa/"]
[Site "?"]
[Date "2021.12.26"]
[Round "1"]
[White "Paral, Stanislav"]
[Black "Neduchal, Jiri"]
[Result "0-1"]
[WhiteElo "1961"]
[BlackElo "1753"]
[PlyCount "46"]
[EventDate "2021.??.??"]

{[%evp 0,46,18,16,83,41,28,30,30,19,20,-2,12,16,112,115,69,51,61,54,28,1,82,87,
98,112,141,129,160,137,204,236,217,233,233,181,207,116,174,-34,8,-927,-974,
-1065,-935,-1525,-1759,-1936,-1978]} 1. e4 c6 2. d3 d5 3. Nd2 e5 4. Ngf3 Bd6 5.
d4 exd4 6. exd5 c5 7. Ne4 Bf5 8. Bb5+ Kf8 9. Nxd6 Qxd6 10. c4 Nd7 11. O-O Ngf6
12. b4 b6 13. bxc5 bxc5 14. Ba3 h5 15. Bxd7 Bxd7 16. Qxd4 Rc8 17. Ne5 Kg8 18.
Rac1 Ng4 19. Nxg4 hxg4 20. g3 Qh6 21. Qxg7+ Qxg7 22. f4 Qd4+ 23. Rf2 Rxh2 0-1

[Event "Brno /Olexa/"]
[Site "?"]
[Date "2021.12.26"]
[Round "1"]
[White "Wuensch, Radek"]
[Black "Bata, Jiri"]
[Result "1-0"]
[WhiteElo "1923"]
[BlackElo "1556"]
[PlyCount "53"]
[EventDate "2021.??.??"]

{[%evp 0,53,13,45,18,17,21,24,18,27,11,4,27,-5,1,22,48,53,135,112,209,225,223,
233,227,234,233,251,238,241,230,170,226,226,271,271,274,262,315,308,376,308,
405,428,428,440,456,460,478,381,410,403,434,443,531,496]} 1. e4 e5 2. Nf3 Nf6
3. d4 Nxe4 4. Bd3 d5 5. Nxe5 Bd6 6. Qh5 O-O 7. O-O Bxe5 8. dxe5 g6 9. Qh6 Nc6
10. Bxe4 dxe4 11. Bg5 f6 12. Bxf6 Rxf6 13. exf6 Qxf6 14. Nc3 Bf5 15. Rae1 Qd4
16. Qf4 Qe5 17. Qxe5 Nxe5 18. f3 e3 19. Rxe3 Nc4 20. Re2 Nxb2 21. Rb1 Nc4 22.
Rxb7 Rc8 23. g4 Bd7 24. Rxa7 Bc6 25. Ne4 Kf8 26. Kf2 Bb5 27. a4 1-0

[Event "Brno /Olexa/"]
[Site "?"]
[Date "2021.12.26"]
[Round "1"]
[White "Kolek, Josef"]
[Black "Doskar, Miloslav"]
[Result "1-0"]
[WhiteElo "1798"]
[BlackElo "1555"]
[PlyCount "95"]
[EventDate "2021.??.??"]

{[%evp 0,95,45,44,17,18,24,16,33,-25,29,26,73,2,-2,-39,-47,-63,-36,-35,-34,-36,
-47,-117,-86,-90,-101,-107,-61,-52,-29,-40,-41,-29,-24,-24,-21,-40,-28,-30,-17,
-21,-25,-32,-32,-24,-23,-31,-27,-17,-39,-63,-55,-133,-41,-63,-5,-33,-19,-10,-7,
0,0,0,394,120,175,23,170,386,364,436,436,462,462,200,200,181,155,167,194,197,
195,195,209,152,255,268,254,234,346,358,435,447,448,635,2555,29982]} 1. e4 e5
2. Nf3 Nc6 3. Bb5 Nge7 4. c3 d6 5. d4 Bd7 6. Bg5 h6 7. Bh4 exd4 8. cxd4 a6 9.
Ba4 g5 10. Bg3 Bg7 11. e5 dxe5 12. Nxe5 Nxe5 13. Bxe5 Bxe5 14. dxe5 Nc6 15.
Bxc6 Bxc6 16. O-O Qe7 17. Nc3 O-O 18. Re1 Rad8 19. Qh5 Kh7 20. Rad1 Rxd1 21.
Qxd1 Rd8 22. Qc2+ Kg7 23. h3 Qe6 24. Re3 Rd4 25. b3 Qd7 26. Re2 b5 27. f3 h5
28. Ne4 Bxe4 29. Rxe4 Rd1+ 30. Kh2 Rd2 31. Qc3 Kh6 32. h4 gxh4 33. Rxh4 Qd5 34.
Qe3+ Kg6 35. Qf4 Qd8 36. Rh3 f6 37. exf6 Kf7 38. Rxh5 Qd6 39. Rh7+ Kf8 40.
Qxd6+ cxd6 41. a4 Rb2 42. Rd7 bxa4 43. bxa4 Ra2 44. Rxd6 Rxa4 45. g4 Ra2+ 46.
Kg3 a5 47. g5 a4 48. g6 1-0

[Event "Brno /Olexa/"]
[Site "?"]
[Date "2021.12.26"]
[Round "1"]
[White "Hayrumyan, Artur"]
[Black "Hrdlicka, Vladan"]
[Result "0-1"]
[WhiteElo "1538"]
[BlackElo "1774"]
[PlyCount "66"]
[EventDate "2021.??.??"]

{[%evp 0,66,44,40,46,37,56,57,55,14,9,6,29,8,22,19,23,0,0,-7,5,-416,-416,-416,
-416,-583,-585,-589,-591,-591,-598,-597,-571,-722,-728,-745,-760,-758,-720,
-769,-756,-756,-768,-766,-774,-860,-792,-852,-762,-791,-766,-765,-768,-821,
-825,-841,-852,-874,-895,-968,-926,-957,-950,-1061,-1185,-1206,-1084,-1784,
-29988]} 1. e4 c5 2. Ne2 d6 3. Nbc3 Nf6 4. g3 Nc6 5. Bg2 Bg4 6. d3 Nd4 7. O-O
Nf3+ 8. Kh1 h5 9. Be3 h4 10. Qc1 hxg3 11. h3 Bxh3 12. fxg3 Bg4+ 13. Bh6 Rxh6+
14. Qxh6 gxh6 15. Bxf3 Qd7 16. Kg2 Bh3+ 17. Kf2 Bxf1 18. Rxf1 Ng4+ 19. Ke1 Nh2
20. Rf2 Nxf3+ 21. Rxf3 Bg7 22. Nd1 Be5 23. c3 Qg4 24. Kf2 O-O-O 25. Ne3 Qh5 26.
d4 Qh2+ 27. Ng2 cxd4 28. cxd4 Bf6 29. Rd3 Kb8 30. a3 Rc8 31. Nc3 h5 32. Kf3 Qh1
33. Nd5 Qf1+ 0-1

[Event "Brno /Olexa/"]
[Site "?"]
[Date "2021.12.26"]
[Round "1"]
[White "Zeman, Arnost"]
[Black "Nisztuk, Michal"]
[Result "0-1"]
[WhiteElo "1771"]
[BlackElo "1502"]
[PlyCount "78"]
[EventDate "2021.??.??"]

{[%evp 0,78,19,-12,-27,-12,52,9,-4,-7,69,40,42,39,36,31,23,18,6,7,7,11,22,6,21,
16,72,72,40,-9,-10,5,53,31,31,26,21,-24,26,-12,-4,15,10,24,11,-10,-75,-86,-11,
-29,-64,-106,-169,-198,-253,-328,-384,-384,-351,-384,-384,-385,-384,-361,-361,
-361,-381,-406,-406,-431,-409,-453,-419,-422,-422,-473,-422,-425,-417,-553,
-416]} 1. c4 e5 2. Nc3 f5 3. g3 Nf6 4. Bg2 c6 5. d3 Na6 6. Nf3 d6 7. O-O Be7 8.
a3 O-O 9. b4 Nc7 10. Qb3 Kh8 11. a4 Be6 12. b5 Rb8 13. Be3 c5 14. b6 axb6 15.
Qxb6 Qd7 16. Ng5 Bg8 17. Rab1 Ng4 18. Nh3 Na6 19. Bg5 Bxg5 20. Nxg5 Nb4 21. h3
Nf6 22. f4 exf4 23. gxf4 Rfe8 24. Rb2 Nh5 25. h4 Qe7 26. Rxb4 cxb4 27. Nd5 Qxe2
28. Bf3 Qxd3 29. Nxb4 Qb3 30. Nd5 Qxb6+ 31. Nxb6 Nxf4 32. Bd1 {(R)} Ne2+ 33.
Kf2 Nc3 34. Bf3 h6 35. Nh3 Ne4+ 36. Kg2 Nd2 37. Rc1 Nxf3 38. Kxf3 Re4 39. Rc3
Rd8 {(Time!)} 0-1

[Event "Brno /Olexa/"]
[Site "?"]
[Date "2021.12.27"]
[Round "2"]
[White "Gajdos, Daniel"]
[Black "Soucek, Andrej"]
[Result "1-0"]
[WhiteElo "2068"]
[BlackElo "1385"]
[PlyCount "87"]
[EventDate "2021.??.??"]

1. Nf3 c5 2. g3 d5 3. Bg2 Nc6 4. d4 e6 5. c4 Nf6 6. cxd5 exd5 7. O-O Be7 8. Nc3
Be6 9. Bg5 O-O 10. dxc5 d4 11. Bxf6 Bxf6 12. Nb5 Qa5 13. Nbxd4 Nxd4 14. Nxd4
Qxc5 15. Nxe6 fxe6 16. Qb3 Qe7 17. Rac1 Rac8 18. Bh3 Rce8 19. Rc4 Kh8 20. Re4
e5 21. Rb4 b6 22. Bf5 Qf7 23. Rc4 Be7 24. Bb1 Bc5 25. Rh4 h6 26. Qxf7 Rxf7 27.
Bg6 Rxf2 28. Bxe8 Rf8+ 29. Kg2 Rxe8 30. Rf7 a5 31. Rg4 g5 32. h4 Be3 33. Kf3
Bc1 34. hxg5 Bxg5 35. Rc4 Kg8 36. Rcc7 e4+ 37. Kg4 Rd8 38. Rg7+ Kf8 39. Rcf7+
Ke8 40. Rb7 Kf8 41. Rh7 Kg8 42. Rhd7 Kf8 43. Rxd8+ Bxd8 44. Kf5 1-0

[Event "Brno /Olexa/"]
[Site "?"]
[Date "2021.12.27"]
[Round "2"]
[White "Hrdlicka, Vladan"]
[Black "Wuensch, Radek"]
[Result "0-1"]
[WhiteElo "1774"]
[BlackElo "1923"]
[PlyCount "160"]
[EventDate "2021.??.??"]

{[%evp 0,102,25,30,45,0,19,19,19,8,-6,-14,16,14,11,10,29,10,15,3,43,-31,-34,
-18,-26,-28,-18,-16,0,-12,2,-9,2,-30,-25,32,39,25,53,18,23,50,20,23,23,27,23,
26,47,86,59,10,10,15,9,-10,32,23,17,35,68,63,77,35,34,12,56,56,52,63,56,28,28,
40,51,16,21,22,16,14,61,55,120,107,105,90,90,106,148,90,68,58,58,58,25,23,25,
43,43,-47,0,-47,0,-47,-47]} 1. e4 Nc6 2. Nc3 e5 3. Nf3 Nf6 4. d4 exd4 5. Nxd4
Bb4 6. Nxc6 bxc6 7. Bd3 d5 8. exd5 O-O 9. O-O Bg4 10. Be2 Bxe2 11. Nxe2 cxd5
12. Bg5 Be7 13. Nd4 Qd7 14. Qf3 Ne4 15. Bxe7 Qxe7 16. Rfe1 Qb4 17. Nc6 Qc5 18.
c4 Qxc4 19. Ne7+ Kh8 20. b3 Qc3 21. Nxd5 Qxf3 22. gxf3 Ng5 23. Re3 c6 24. Nf4
Rad8 25. h4 Rd4 26. hxg5 Rxf4 27. Rae1 Rf5 28. Re5 Rxf3 29. Kg2 Rc3 30. Ra5 h6
31. Rxa7 hxg5 32. Re5 g4 33. Rg5 g6 34. Rxg4 Kg7 35. Rg3 Rxg3+ 36. Kxg3 Rb8 37.
Rd7 Ra8 38. a4 Rb8 39. Rd3 Ra8 {(R)} 40. Kf4 Ra5 41. Ke4 f5+ 42. Kd4 Kf6 43.
Kc4 Ke5 44. Kb4 Ra6 45. Kc5 g5 46. Re3+ Kf4 47. Kd6 g4 48. Kc7 c5 49. Kb7 Rd6
50. a5 Rd2 51. a6 Rxf2 52. Re6 Rb2 53. Rb6 g3 54. a7 g2 55. a8=Q g1=Q 56. Qb8+
Kf3 57. Qe5 Qb1 58. Qc3+ Kf4 59. Kc7 Qc2 60. Qh3 Qh2 {(R)} 61. Qc3 Rc2 62. Qd3
Qe2 63. Qd8 Rd2 64. Qh4+ Qg4 65. Qe1 Qg7+ 66. Kc6 Qd7+ 67. Kxc5 Qd5+ 68. Kb4
Rd4+ 69. Kc3 Qc5+ 70. Kb2 Qxb6 71. Qf2+ Ke5 72. Qg3+ f4 73. Qg5+ Ke4 74. Qg2+
Ke5 75. Qg5+ Kd6 76. Qf6+ Kc5 77. Qe7+ Rd6 78. Qe4 Qb4 79. Qc2+ Kb6 80. Kb1
Qe1+ 0-1

[Event "Brno /Olexa/"]
[Site "?"]
[Date "2021.12.27"]
[Round "2"]
[White "Neduchal, Jiri"]
[Black "Kolek, Josef"]
[Result "1-0"]
[WhiteElo "1753"]
[BlackElo "1798"]
[PlyCount "99"]
[EventDate "2021.??.??"]

1. d4 Nf6 2. Nf3 d6 3. e3 g6 4. Bd3 Bg7 5. O-O O-O 6. Nbd2 Nc6 7. c3 a6 8. Qe2
Nd7 9. e4 e5 10. dxe5 Ndxe5 11. Nxe5 Nxe5 12. Nc4 Nxd3 13. Qxd3 Bd7 14. Be3 Rb8
15. Ba7 Ra8 16. Bd4 b5 17. Nd2 Bxd4 18. Qxd4 Be6 19. Rfe1 c5 20. Qd3 Qc7 21.
Qc2 a5 22. Nf1 Rab8 23. Ne3 Qb7 24. Rad1 Rfd8 25. Nd5 Kg7 26. Qd3 Bxd5 27. Qxd5
Qxd5 28. Rxd5 Kf6 29. Red1 Ke6 30. f4 f6 31. Kf2 Ke7 {(R)} 32. g4 h6 33. h4 Ra8
34. Kf3 Rab8 35. Kg3 Ra8 36. g5 fxg5 37. fxg5 h5 38. e5 Ra6 39. exd6+ Rdxd6 40.
Kf4 Rxd5 41. Rxd5 Rc6 {(R)} 42. Re5+ Kf7 43. Ke4 Re6 44. b3 a4 45. Kd5 Rxe5+
46. Kxe5 axb3 47. axb3 c4 48. bxc4 bxc4 49. Kd6 Ke8 50. Ke6 1-0

[Event "Brno /Olexa/"]
[Site "?"]
[Date "2021.12.27"]
[Round "2"]
[White "Nisztuk, Michal"]
[Black "Paral, Stanislav"]
[Result "0-1"]
[WhiteElo "1502"]
[BlackElo "1961"]
[PlyCount "78"]
[EventDate "2021.??.??"]

1. e4 g6 2. d4 Bg7 3. Nf3 c5 4. d5 d6 5. c3 Nf6 6. Bg5 O-O 7. Nbd2 a6 8. Bxf6
Bxf6 9. h4 Bg4 10. Be2 Nd7 11. Ng5 Bxe2 12. Qxe2 h6 13. Ngf3 b5 14. g4 Bg7 15.
a3 c4 16. O-O Qb6 17. Kg2 Nc5 18. Qe3 Qd8 19. Nd4 e5 20. N4f3 Nd3 21. b3 Nf4+
22. Kg3 cxb3 23. Nxb3 Rc8 24. Rac1 Qd7 25. Ng1 Bf6 26. Nh3 Bxh4+ 27. Kf3 Nxh3
28. Qxh6 Qe7 29. Ke2 Qg5 30. Qxg5 Bxg5 31. Rc2 Bd8 32. Rh1 Nf4+ 33. Kf3 Kg7 34.
Rhc1 Rc4 35. Nd2 Ra4 36. Ra1 Ba5 37. Nb3 Rh8 38. Ke3 Bb6+ 39. Kd2 Rxe4 0-1

[Event "Brno /Olexa/"]
[Site "?"]
[Date "2021.12.27"]
[Round "2"]
[White "Bata, Jiri"]
[Black "Zeman, Arnost"]
[Result "0-1"]
[WhiteElo "1556"]
[BlackElo "1771"]
[PlyCount "84"]
[EventDate "2021.??.??"]

1. e4 c5 2. c3 Nf6 3. e5 Nd5 4. d4 cxd4 5. cxd4 e6 6. a3 d6 7. Nf3 Be7 8. Bd3
Nc6 9. Qc2 h6 10. Nc3 Qa5 11. Bd2 Ndb4 12. Qb1 Nxd3+ 13. Qxd3 Qd8 14. Qe4 d5
15. Qg4 g5 16. h4 h5 17. Qg3 g4 18. Ng5 Nxd4 19. O-O Nf5 20. Qf4 Bd7 21. g3 d4
22. Nce4 Bc6 23. Bb4 Bxg5 24. Nxg5 Qd5 25. f3 gxf3 26. Rf2 O-O-O 27. Nxf7 Rhg8
28. Ng5 Rg7 29. Rc1 Kb8 30. Rc5 Qb3 31. Kh2 Qe3 32. Rcc2 Qxf4 33. gxf4 Ne3 34.
Rxc6 Ng4+ 35. Kg3 Nxf2 36. Kxf2 bxc6 37. Kxf3 Rg6 38. Ke4 d3 39. Bd2 c5 40. f5
Rd4+ 41. Kf3 exf5 42. e6 Kc7 0-1

[Event "Brno /Olexa/"]
[Site "?"]
[Date "2021.12.27"]
[Round "2"]
[White "Hayrumyan, Artur"]
[Black "Pokora, Lubomir"]
[Result "0-1"]
[WhiteElo "1538"]
[BlackElo "1758"]
[PlyCount "108"]
[EventDate "2021.??.??"]

1. d4 d6 2. Bf4 Nf6 3. e3 g6 4. Nd2 Bg7 5. Ngf3 O-O 6. Bd3 Nbd7 7. h4 h5 8. Nh2
e5 9. dxe5 Nxe5 10. Bxe5 dxe5 11. Be2 Qd7 12. f3 Rd8 13. Bd3 Qa4 14. Nc4 b5 15.
Nxe5 Qxh4+ 16. Ke2 Qg3 17. Qg1 Qxe5 18. g4 Re8 19. f4 Qd5 20. Qg3 Bb7 21. Rhg1
Ne4 22. Bxe4 Qxe4 23. Rad1 Qxc2+ 24. Rd2 Qc4+ 25. Kf2 Qc5 26. Nf1 hxg4 27. Qxg4
Be4 28. Rg3 Qh5 29. Qxh5 gxh5 30. Rg5 Rad8 31. Rxh5 Rxd2+ 32. Nxd2 Bc6 33. Rf5
Kf8 34. b3 Bc3 35. Nf1 Bb4 36. Ng3 Be7 37. Rh5 Bf6 38. Rc5 Re6 39. f5 Rd6 40.
Ke2 Ke7 41. e4 Bd4 42. Rc2 Kd7 43. Kf3 Be5 44. Nf1 Rd3+ 45. Ne3 Bd4 46. Re2
Rxe3+ 47. Rxe3 Bxe3 48. Kxe3 Kd6 49. Kd4 f6 50. b4 a6 51. a3 Bd7 52. e5+ fxe5+
53. Ke4 Bc6+ 54. Ke3 Ke7 0-1

[Event "Brno /Olexa/"]
[Site "?"]
[Date "2021.12.28"]
[Round "3"]
[White "Wuensch, Radek"]
[Black "Gajdos, Daniel"]
[Result "0-1"]
[WhiteElo "1923"]
[BlackElo "2069"]
[PlyCount "92"]
[EventDate "2021.??.??"]

1. e4 e5 2. Nf3 Nc6 3. Bb5 a6 4. Ba4 Nf6 5. O-O b5 6. Bb3 Bb7 7. Re1 Bc5 8. c3
d6 9. d4 Bb6 10. a4 O-O 11. Bg5 h6 12. Bh4 exd4 13. cxd4 g5 14. Bg3 Re8 15.
axb5 axb5 16. Rxa8 Bxa8 17. d5 Na5 18. Bc2 c6 19. dxc6 Bxc6 20. e5 dxe5 21.
Nxe5 Qxd1 22. Rxd1 Be4 23. Bxe4 Nxe4 24. Ng4 h5 25. Nh6+ Kg7 26. Nf5+ Kg6 27.
Nd6 Nxd6 28. Rxd6+ f6 29. Kf1 Nc4 30. Rd5 h4 31. Bxh4 gxh4 32. Rxb5 Re5 33.
Rxe5 fxe5 34. b3 Na5 35. Nd2 Nc6 36. Nc4 Bc5 37. f3 Kf5 38. g3 h3 39. Nd2 Nd4
40. Ne4 Be7 41. Nf2 Nxf3 42. Nxh3 Nxh2+ 43. Kg2 Ng4 44. Ng1 Bc5 45. Ne2 Ke4 46.
Nc3+ Kd3 0-1

[Event "Brno /Olexa/"]
[Site "?"]
[Date "2021.12.28"]
[Round "3"]
[White "Zeman, Arnost"]
[Black "Neduchal, Jiri"]
[Result "1/2-1/2"]
[WhiteElo "1771"]
[BlackElo "1753"]
[PlyCount "39"]
[EventDate "2021.??.??"]

1. e4 c6 2. Nc3 d5 3. exd5 cxd5 4. d4 Bf5 5. Bd3 Bxd3 6. Qxd3 e6 7. Bf4 Nc6 8.
a3 Nf6 9. Nge2 Be7 10. O-O O-O 11. b4 Rc8 12. Rab1 Bd6 13. Bxd6 Qxd6 14. f4 Ne7
15. h3 Rc4 16. Nd1 Rfc8 17. Ne3 R4c7 18. Rbc1 Qd7 19. g4 b5 20. c3 {(R)}
1/2-1/2

[Event "Brno /Olexa/"]
[Site "?"]
[Date "2021.12.28"]
[Round "3"]
[White "Doskar, Miloslav"]
[Black "Paral, Stanislav"]
[Result "0-1"]
[WhiteElo "1555"]
[BlackElo "1961"]
[PlyCount "84"]
[EventDate "2021.??.??"]

1. e4 g6 2. Nf3 Bg7 3. d4 c5 4. c3 cxd4 5. cxd4 Nf6 6. Nc3 d5 7. e5 Ne4 8. Qc2
Nxc3 9. Qxc3 Nc6 10. Be2 O-O 11. O-O Qb6 12. Be3 Bd7 13. Rac1 Rfc8 14. Qd2 Bg4
15. h3 Bxf3 16. Bxf3 e6 17. Rc2 Bf8 18. Rfc1 Ne7 19. g4 Rxc2 20. Rxc2 Nc6 21.
h4 Nb4 22. Rc1 Nxa2 23. Ra1 Nb4 24. h5 Rc8 25. Rc1 Rxc1+ 26. Qxc1 Qc6 27. Qxc6
Nxc6 28. Kf1 Bb4 29. Ke2 Kg7 30. h6+ Kf8 31. Kd3 Ke8 32. Bg2 Na5 33. f4 Kd7 34.
f5 a6 35. fxg6 fxg6 36. Bd2 Bxd2 37. Kxd2 Ke7 38. Kc3 Nc6 39. Bf1 b5 40. b3 Kf7
41. Bd3 b4+ 42. Kb2 a5 0-1

[Event "Brno /Olexa/"]
[Site "?"]
[Date "2021.12.28"]
[Round "3"]
[White "Kolek, Josef"]
[Black "Nisztuk, Michal"]
[Result "1-0"]
[WhiteElo "1798"]
[BlackElo "1502"]
[PlyCount "159"]
[EventDate "2021.??.??"]

1. e4 e5 2. Nf3 Nc6 3. Bb5 Nf6 4. Bxc6 dxc6 5. d3 Bc5 6. h3 O-O 7. Bg5 Qd6 8.
Nbd2 b5 9. O-O a5 10. Qe2 Ba6 11. Rfd1 Ba7 12. Nf1 b4 13. Be3 c5 14. Ng3 Rfd8
15. Nf5 Qd7 16. Bg5 Qe6 17. b3 Rd7 18. Bh4 h6 19. Bg3 Re8 20. Bxe5 Nh5 21. g4
f6 22. Bh2 Kh7 23. Re1 g6 24. Ne3 Ng7 25. Nd2 c6 26. Ndc4 a4 27. f3 a3 28. Rf1
h5 29. Qf2 Rf7 30. Nd6 f5 31. Nxe8 Qxe8 32. Nc4 fxg4 33. hxg4 Qe6 34. Qg3 Qf6
35. e5 Qe7 36. f4 hxg4 37. Qxg4 Nf5 38. Rae1 Kg8 39. Kh1 Kg7 40. Rg1 Qe6 41.
Bg3 Rf8 42. Rg2 Bc8 43. Qg5 Nd4 44. Re3 Nf5 45. Rf3 Nd4 46. Rff2 Rf5 47. Qd8
Rf8 48. Qd6 Qh3+ 49. Bh2 Bf5 50. Qe7+ Rf7 51. Qg5 Ne6 52. Qg3 Qh5 53. Nd6 Bh3
54. Nxf7 Bxg2+ 55. Kxg2 Kxf7 56. Qf3 Qxf3+ 57. Kxf3 c4 58. Rg2 cxd3 59. cxd3
Nd4+ 60. Ke4 Nf5 61. Bg1 c5 62. Kd5 Ne7+ 63. Kd6 Nf5+ 64. Kc6 Nd4+ 65. Bxd4
cxd4 66. Kd5 Bb6 67. Rc2 Bd8 68. Kxd4 Bb6+ 69. Kd5 Be3 70. Ke4 Bb6 71. Rc6 Bd8
72. d4 g5 73. e6+ Kf6 74. fxg5+ Kxg5 75. d5 Kf6 76. Kd4 Ke7 77. Ke5 Ke8 78. Ra6
Bc7+ 79. d6 Bd8 80. Ra8 1-0

[Event "Brno /Olexa/"]
[Site "?"]
[Date "2021.12.28"]
[Round "3"]
[White "Soucek, Andrej"]
[Black "Hrdlicka, Vladan"]
[Result "0-1"]
[WhiteElo "1385"]
[BlackElo "1774"]
[PlyCount "66"]
[EventDate "2021.??.??"]

1. e4 c5 2. Nf3 e6 3. d4 cxd4 4. Nxd4 a6 5. Be2 Qc7 6. O-O Nf6 7. Nc3 Bb4 8.
Qd3 Nc6 9. Be3 Ne5 10. Bf4 Nxd3 11. Bxc7 Nxb2 12. Nd1 Nxd1 13. Rfxd1 Nxe4 14.
Bf3 f5 15. Bxe4 fxe4 16. Nxe6 Ke7 17. Ng5 e3 18. fxe3 b5 19. Be5 Bb7 20. a3 Bc5
21. Bd4 Rac8 22. Bxc5+ Rxc5 23. Nf3 Rxc2 24. Rd2 Rxd2 25. Nxd2 Rc8 26. Nf3 Rc2
27. Rb1 g5 28. Rb4 Bc6 29. Rg4 h6 30. Nd4 Rc3 31. Nxc6+ dxc6 32. Re4+ Kd6 33.
h4 Rc4 0-1

[Event "Brno /Olexa/"]
[Site "?"]
[Date "2021.12.28"]
[Round "3"]
[White "Pokora, Lubomir"]
[Black "Bata, Jiri"]
[Result "1-0"]
[WhiteElo "1758"]
[BlackElo "1556"]
[PlyCount "111"]
[EventDate "2021.??.??"]

1. b3 e5 2. Bb2 Nc6 3. e3 d6 4. Bb5 Bd7 5. Nf3 Nf6 6. d3 a6 7. Bxc6 Bxc6 8. O-O
Qd7 9. e4 O-O-O 10. c4 h6 11. Nc3 Nh7 12. b4 b5 13. a4 bxc4 14. dxc4 f5 15. b5
Bb7 16. Qe2 Ng5 17. Nxg5 hxg5 18. Rfd1 Qf7 19. exf5 Qxf5 20. Nd5 g4 21. Ne3 Bf3
22. gxf3 gxf3 23. Nxf5 fxe2 24. Re1 g6 25. Ne3 Bh6 26. Rxe2 Bf4 27. Nf1 Rh3 28.
Bc1 g5 29. Ra3 Rdh8 30. Rxh3 Rxh3 31. Be3 Kb7 32. Rb2 a5 33. Kg2 Rh4 34. Rc2
Rh7 35. Bxf4 gxf4 36. f3 Kb6 37. Nd2 Kc5 38. Ne4+ Kb4 39. c5 Rg7+ 40. Kf1 d5
41. Nc3 d4 42. Nd5+ Kxa4 43. b6 cxb6 44. cxb6 d3 45. Rd2 Kb5 46. Rxd3 Rb7 47.
Rc3 Ka6 48. Rc7 a4 49. Rxb7 Kxb7 50. h4 a3 51. Nc3 Kxb6 52. h5 Kc5 53. h6 Kb4
54. Na2+ Kb3 55. h7 Kxa2 56. h8=Q 1-0

[Event "Brno /Olexa/"]
[Site "?"]
[Date "2021.12.28"]
[Round "4"]
[White "Gajdos, Daniel"]
[Black "Neduchal, Jiri"]
[Result "1-0"]
[WhiteElo "2068"]
[BlackElo "1753"]
[PlyCount "111"]
[EventDate "2021.??.??"]

1. Nf3 Nf6 2. c4 g6 3. Nc3 d5 4. cxd5 Nxd5 5. Qa4+ c6 6. Nxd5 Qxd5 7. e4 Qd8 8.
d4 Bg7 9. Be3 O-O 10. Be2 Nd7 11. h3 b5 12. Qc2 Bb7 13. O-O a6 14. Rfd1 Rc8 15.
a4 Qe8 16. Rac1 Kh8 17. Bd3 e5 18. dxe5 Nxe5 19. Bc5 Nxf3+ 20. gxf3 Rg8 21. f4
Qe6 22. Bf1 Rcd8 23. Rxd8 Rxd8 24. Rd1 Rxd1 {(R)} 25. Qxd1 h6 26. Qd8+ Kh7 27.
Qc7 Bc8 28. e5 Qd7 29. Qxd7 Bxd7 30. Kg2 Kg8 31. a5 g5 32. Kf3 gxf4 33. Kxf4 f6
34. exf6 Bxf6 35. b4 Kf7 36. Bg2 Bc3 37. h4 Kf6 38. Ke4 Kg6 39. f4 Bf6 40. Bf2
Bc3 {(R)} 41. Bc5 Bf6 42. h5+ Kxh5 43. f5 Kg4 44. Bf3+ Kg3 45. Bh5 Bc3 46. Bf7
Bc8 47. Be8 Kg4 48. Bxc6 Bxf5+ 49. Kd5 Bc8 50. Kd6 h5 51. Kc7 Bf5 52. Kb7 h4
53. Kxa6 h3 54. Kb6 Bc8 55. a6 Bxa6 56. Kxa6 1-0

[Event "Brno /Olexa/"]
[Site "?"]
[Date "2021.12.28"]
[Round "4"]
[White "Paral, Stanislav"]
[Black "Pokora, Lubomir"]
[Result "1-0"]
[WhiteElo "1961"]
[BlackElo "1758"]
[PlyCount "57"]
[EventDate "2021.??.??"]

1. e4 d6 2. d4 Nf6 3. Bd3 e5 4. Ne2 Nbd7 5. c3 Be7 6. O-O c6 7. f4 O-O 8. Nd2
Qc7 9. Nc4 b5 10. Ne3 Nb6 11. fxe5 dxe5 12. Nf5 a6 13. Bg5 Bd8 14. Neg3 Be6 15.
Nxg7 Kxg7 16. Bxf6+ Bxf6 17. Nh5+ Kh8 18. Nxf6 Nd7 19. Qf3 exd4 20. cxd4 Qd8
21. Nxd7 Bxd7 22. e5 Qg5 23. Qe4 Qh5 24. Rf4 Qg6 25. Rf6 Qh5 26. Qf4 Kg7 27.
Rf1 Be6 28. Rf3 Rg8 29. Rxe6 1-0

[Event "Brno /Olexa/"]
[Site "?"]
[Date "2021.12.28"]
[Round "4"]
[White "Hrdlicka, Vladan"]
[Black "Kolek, Josef"]
[Result "1-0"]
[WhiteElo "1774"]
[BlackElo "1798"]
[PlyCount "50"]
[EventDate "2021.??.??"]

1. e4 d6 2. d4 g6 3. Nc3 Bg7 4. Bg5 h6 5. Be3 Nf6 6. Qd2 Ng4 7. Bf4 g5 8. Bg3
Nc6 9. f3 Nf6 10. O-O-O a6 11. h4 Nh5 12. Bf2 e5 13. d5 Ne7 14. hxg5 hxg5 15.
Kb1 Ng6 16. g3 Bd7 17. Nge2 g4 18. f4 exf4 19. gxf4 f5 20. Bd4 Kf7 21. exf5
Bxf5 22. Rxh5 Rxh5 23. Bxg7 Kxg7 24. Ng3 Rh3 25. Nxf5+ Kh7 1-0

[Event "Brno /Olexa/"]
[Site "?"]
[Date "2021.12.28"]
[Round "4"]
[White "Zeman, Arnost"]
[Black "Wuensch, Radek"]
[Result "0-1"]
[WhiteElo "1771"]
[BlackElo "1923"]
[PlyCount "52"]
[EventDate "2021.??.??"]

1. e4 Nc6 2. Nc3 e5 3. Nf3 Nf6 4. Bc4 Nxe4 5. Bxf7+ Kxf7 6. Nxe4 d5 7. Neg5+
Kg8 8. d3 h6 9. Nh3 Bd6 10. Nhg1 Kh7 11. h4 Rf8 12. Be3 Kg8 13. c3 Bg4 14. Qb3
Ne7 15. Qa4 Bf5 16. O-O-O c5 17. h5 d4 18. Qc4+ Kh8 19. Bg5 hxg5 20. Nxg5 Nd5
21. N1f3 Be7 22. Ne4 Nb6 23. Qb3 c4 24. Qc2 Bxe4 25. dxe4 d3 26. Qb1 Bg5+ 0-1

[Event "Brno /Olexa/"]
[Site "?"]
[Date "2021.12.28"]
[Round "4"]
[White "Nisztuk, Michal"]
[Black "Doskar, Miloslav"]
[Result "1-0"]
[WhiteElo "1502"]
[BlackElo "1555"]
[PlyCount "71"]
[EventDate "2021.??.??"]

1. e4 e5 2. Bc4 d6 3. f4 Nc6 4. Nf3 Be7 5. fxe5 Nxe5 6. Nxe5 dxe5 7. Qh5 g6 8.
Qxe5 Nf6 9. d4 O-O 10. Bg5 Kg7 11. O-O h6 12. Bh4 g5 13. Bg3 Bd6 14. Qxf6+ Qxf6
15. Rxf6 Kxf6 16. e5+ Bxe5 17. Bxe5+ Kg6 18. Bxc7 Bf5 19. Na3 Rac8 20. Bg3 a6
21. c3 b5 22. Bd5 Rcd8 23. Bb7 Bc8 24. Bf3 f5 25. Be5 g4 26. Bc6 Bd7 27. Bd5
Bc8 28. Bb3 Kg5 29. Nc2 a5 30. a4 b4 31. cxb4 axb4 32. Nxb4 h5 33. g3 Bb7 34.
a5 h4 35. gxh4+ Kxh4 36. Bg7 1-0

[Event "Brno /Olexa/"]
[Site "?"]
[Date "2021.12.28"]
[Round "4"]
[White "Soucek, Andrej"]
[Black "Hayrumyan, Artur"]
[Result "0-1"]
[WhiteElo "1385"]
[BlackElo "1538"]
[PlyCount "40"]
[EventDate "2021.??.??"]

1. d4 Nf6 2. c4 e5 3. d5 Ng4 4. Nc3 Bc5 5. e3 d6 6. h3 Nh6 7. Bd3 Qg5 8. g3 f5
9. e4 Qg6 10. Qc2 f4 11. g4 Nf7 12. Nf3 h5 13. Rg1 hxg4 14. hxg4 Bxg4 15. Be2
Qh5 16. Qd3 Nd7 17. b3 Nf6 18. Bb2 Ng5 19. Nxg5 Qxg5 20. Na4 Bxf2+ 0-1